000 00328nam a2200133Ia 4500
008 210312s9999||||xx |||||||||||||| ||und||
041 _aosm
050 _aDR576
050 _bA23
100 _aAbdullah Cevdet
245 0 _aUyanınız! Uyanınız!
260 _c1908
650 _aTarih--Türkiye--Osmanlı devleti--Müslümanlar
999 _c22373
_d22373